000 00230nam a2200121Ia 4500
100 _aANDREW ROBERTSON
942 _cBK
245 _aTHE DESSONS OF FAILURE
260 _b#N/A
300 _a106
546 _aENGLISH
999 _c33848
_d33848